000 00788cam a22002051 4500
001 f 01001153
003 DLC
005 20260227111239.0
008 850326s1890 fr 000 0 fre
010 _af 01001153
035 _a(OCoLC)11847616
040 _aDLC
_cNhD
_dDLC
050 0 0 _aHE1882
_b.U45
100 1 _aUlrich, Franz,
_d1844-
245 0 0 _aTraité général des tarifs de chemins de fer, contenant une étude spéciale des tarifs appliqués en Allemagne, Autriche-Hongrie, Suisse, Italie, France, Belgiuqe, Hollande, Angleterre et Russie.
_cPar F. Ulrich ... Éd. française rev. par l'auteur.
260 _aParis [etc.]
_bBaudry et cie,
_c1890.
300 _a2 p. l., x, 555 p.
_c25 cm.
500 _ap. 555 wrongly numbered 355.
650 0 _aRailroads
_xFreight
_xRates.
999 _c22535
_d22535